| 000 | 00785nam a2200157 a 4500 | ||
|---|---|---|---|
| 005 | 20140414093839.0 | ||
| 008 | 050820s19uu xx 00 eng d | ||
| 050 |
_aCD 793 _bEle 1997 |
||
| 100 | _aElectro Sound Center | ||
| 245 | _aSwing classics. | ||
| 260 |
_bDyna Products Inc, _cc1997. |
||
| 520 | _a[1.] Ain't nothing. -- [2]. I love the night life. -- [3]. Dance with me. -- [4]. Keep smilin'. -- [5]. Dancing queen. -- [6]. When will I see you again. -- [6]. Last dance. -- [7]. Love is ultimate. -- [8]. Gonna get along. -- [9]. Pick me up I'll dance. -- [10]. Souvenir. -- [11]. I found love. -- [12]. Never gonna say goodbye. -- [13]. Got you were I want you babe. -- [13]. Can't take my eyes off you. | ||
| 650 | _aBallroom dancing. | ||
| 942 | _cAVM | ||
| 999 |
_c109199 _d109199 |
||